000 00309nam a2200121Ia 4500
005 20251222143137.0
008 251222s9999||||xx |||||||||||||| ||spa||
082 _a657.3/F43E
100 _aFerrer Quea, Alejandro
245 0 _aEstados Financieros Consolidados
264 _bEstudios Torres Quea
942 _cLIB
999 _c12173
_d12173